000 00198 a2200097 4500
001 25944
100 _aASM
245 _aCarbonizing and carbonitriding
260 _a
_bASM
_c
090 _c17547
_d17547
942 _aNUST-CAE
_cM
_c8388
999 _c261017
_d261017